|
|
|
|
| LEADER |
00000cam a2200000 7i4500 |
| 001 |
0000006894 |
| 005 |
20151222.0 |
| 008 |
070827 |
| 020 |
|
|
|a 9835808139
|
| 090 |
0 |
0 |
|a SC
|b ENG
|
| 100 |
1 |
|
|a Beatty, Richard
|
| 245 |
1 |
0 |
|a Sulfur
|c Richard Beatty
|
| 260 |
|
|
|a Shah Alam :
|b Federal Publications Sdn. Bhd ,
|c 2003
|
| 440 |
|
|
|a The Elements
|
| 500 |
|
|
|a Children ages 10-12 years old (pink)
|
| 650 |
|
0 |
|a Junior fiction
|x Malay
|x Languages
|
| 650 |
|
0 |
|a Science
|
| 650 |
|
0 |
|a Sulfur
|
| 650 |
|
0 |
|a Sulfur
|x Juvenile literature
|
| 710 |
0 |
|
|a Title
|
| 999 |
|
|
|a 0000987696
|b Book
|c Children Collection
|e Cawangan Sri Merlong
|
| 999 |
|
|
|a 0000987697
|b Book
|c Children Collection
|e Cawangan Sri Merlong
|
| 999 |
|
|
|a 0000987698
|b Book
|c Children Collection
|e Perbadanan Perpustakaan Awam Johor
|
| 999 |
|
|
|a 0000987699
|b Book
|c Children Collection
|e Cawangan Tangkak
|
| 999 |
|
|
|a 0001086176
|b Book
|c Teenagers
|e Cawangan Bandar Tenggara
|
| 999 |
|
|
|a 0001139783
|b Book
|c Children Collection
|e Cawangan Segamat
|
| 999 |
|
|
|a 0001139870
|b Book
|c Teenagers
|e Cawangan Bandar Tenggara
|
| 999 |
|
|
|a 0001139871
|b Book
|c Children Collection
|e Cawangan Segamat
|
| 999 |
|
|
|a 0001139950
|b Book
|c Children Collection
|e Cawangan Segamat
|
| 999 |
|
|
|a 0001139951
|b Book
|c Teenagers
|e Cawangan Bandar Tenggara
|
| 999 |
|
|
|a 0001139954
|b Book
|c Children Collection
|e Cawangan Pontian
|
| 999 |
|
|
|a 0001139955
|b Book
|c Children Collection
|e Cawangan Mersing
|
| 999 |
|
|
|a 0001143922
|b Book
|c Teenagers
|e Cawangan Bandar Tenggara
|
| 999 |
|
|
|a 0001143924
|b Book
|c Children Collection
|e Cawangan Bandar Penawar
|
| 999 |
|
|
|a 0001143957
|b Book
|c Children Collection
|e Cawangan Segamat
|
| 999 |
|
|
|a 0001143959
|b Book
|c Children Collection
|e Cawangan Taman Universiti
|
| 999 |
|
|
|a 0001143960
|b Book
|c Children Collection
|e Cawangan Batu Pahat
|
| 999 |
|
|
|a 0001143969
|b Book
|c Children Collection
|e Cawangan Bandar Penawar
|
| 999 |
|
|
|a 0001146684
|b Book
|c Teenagers
|e Cawangan Bandar Tenggara
|
| 999 |
|
|
|a 0001147045
|b Book
|c Teenagers
|e Cawangan Bandar Tenggara
|
| 999 |
|
|
|a 0001149881
|b Book
|c Children Collection
|e Cawangan Pontian
|
| 999 |
|
|
|a 0001149882
|b Book
|c Children Collection
|e Cawangan Batu Pahat
|
| 999 |
|
|
|a 0001150102
|b Book
|c Children Collection
|e Cawangan Mersing
|
| 999 |
|
|
|a 0001150103
|b Book
|c Children Collection
|e Cawangan Pontian
|
| 999 |
|
|
|a 0001150104
|b Book
|c Children Collection
|e Cawangan Batu Pahat
|
| 999 |
|
|
|a 0001150107
|b Book
|c Teenagers
|e Cawangan Bandar Tenggara
|
| 999 |
|
|
|a 0001150108
|b Book
|c Children Collection
|e Cawangan Tangkak
|
| 999 |
|
|
|a 0001150112
|b Book
|c Children Collection
|e Cawangan Taman Universiti
|